1123 1373 1785 1457 1859 1475 1186 1169 1080 1774 1712 1554 1402 1593 1351 1855 1806 1575 1537 1246 1901 1350 1685 1207 1886 1450 1128 1592 1012 1809 1800 1839 1892 1196 1445 1825 1163 1432 1694 1612 1621 1177 1065 1280 1954 1442 1752 1358 1694 1072 1997 1484 1071 1007 1555 1344 1681 1925 1291 1826 1292 1998 1548 1688 1911 1380 1657 1066 1780 1493 1693 1510 1360 1120 1638 1895 1213 1976 1248 1003 1423 1065 1247 1808 1205 1361 1139 1272 1305 1150 1339 1874 1938 1315 1512 1344 1703 1013 1542 BCNSPRNW ULIB Ver.6.0+V

เปลี่ยนเป็นภาษาไทย

Change to English
 แสดงรายละเอียดบรรณานุกรม
  กลับหน้าหลัก

Brief Record : Get Marc (ISO 2709) : E-mail record : QR code < ปิดหน้าต่าง
LEADER : 00000nam 2200000uu 4500
001    13399111067
003     ULIB
008    110616s||||||||th 000 0 tha d
020    1428320032
024    9781428320031
060  4 QV38^bS111d 2010
100 0  Spratto, George R.
245 00 Delmar s mini guide to geriatric drugs^c George R.Spratto
260    New york:^bDelmar Cengage Learning,^c2010
300    227 p
650  7 Drug Therapy ^xnurses s instruction.
650  7 Drugs -- nurses s instruction.
650  7 Geriatric Nursing
945    ^p900^l0^i030154
945    ^p900^l0^i029081
995    Kesorn
999 ^a ใช้งานได้ทุกระบบ
รายการนี้ยังไม่มีแท็ก
คุณยังไม่ได้ล็อกอิน คุณสามารถมีกิจกรรมร่วมกับเว็บไซต์ได้ แต่ต้องล็อกอินก่อน ::
  ล็อกอิน

รายการสื่อสารสนเทศ

ลำดับที่ ประเภท เลขเรียก/บาร์โค้ด สถานที่ สถานะ
- ไม่พบข้อมูล -

รายการใกล้เคียง
    หัวเรื่อง [Geriatric Nursing]

BibComment


ยังไม่เคยถูกคอมเมนท์

คอมเมนท์ทรัพยากรรายการนี้
  คอมเมนท์: Delmar s mini gui..


 Copyright 2026. Bcnsprnw @Library